000 00510nam a2200181Ia 4500
008 240925s9999 xx 000 0 und d
020 _a201544008
082 _a005.44 BEL
100 _aBell, David ; Jane Grimson -
245 0 _aDistributed Database Systems
250 _aNA
260 _aSingapore:
_bPearson education
_c,1992.
300 _axxvii,776p.
_bNA
_fPhotocopy
500 _aIncludes Index
600 _aComputer Science
650 _aComputer science, information & general works
942 _cBK
999 _c7325
_d7325